One Philadelphia 76ers Player By Season - Statistics

General Stats
  • This quiz has been taken 389 times
    163 since last reset
  • The average score is 43 of 76
Answer Stats
Season Players Full List % Correct
2024-25 Tyrese Maxey | Kelly Oubre Jr. | Quentin Grimes | Paul George | Caleb Martin | Joel Embiid | Guerschon Yabusele | Justin Edwards | Jared McCain | Marcus Bagley | Chuma Okeke | Jared Butler | Lonnie Walker IV | Oshae Brissett | Jalen Hood-Schifino | KJ Martin | Eric Gordon | Colin Castleton | Kyle Lowry | Andre Drummond | Ricky Council IV | Isaiah Mobley | Adem Bona | Alex Reese | Jeff Dowtin | Reggie Jackson | Pete Nance | David Roddy | Phillip Wheeler | Lester Quiñones
100%
2023-24 Joel Embiid | Tyrese Maxey | Tobias Harris | Kelly Oubre Jr. | Buddy Hield | De'Anthony Melton | Cameron Payne | Kyle Lowry | Paul Reed | Marcus Morris | Patrick Beverley | Nicolas Batum | Ricky Council IV | D.J. Wilson | Robert Covington | Mo Bamba | Jeff Dowtin | Danuel House Jr. | Jaden Springer | KJ Martin | Terquavion Smith | Furkan Korkmaz | P.J. Tucker | Kenneth Lofton Jr. | Danny Green | Darius Bazley | Filip Petrušev | Javonte Smart
100%
2022-23 Joel Embiid | James Harden | Tyrese Maxey | Tobias Harris | De'Anthony Melton | P.J. Tucker | Shake Milton | Georges Niang | Danuel House Jr. | Montrezl Harrell | Matisse Thybulle | Furkan Korkmaz | Paul Reed | Saben Lee | Julian Champagnie | Jaden Springer | Michael Foster Jr. | Louis King | Mac McClung | Jalen McDaniels | Dewayne Dedmon
100%
2021-22 Joel Embiid | James Harden | Tobias Harris | Tyrese Maxey | Seth Curry | Matisse Thybulle | Shake Milton | Furkan Korkmaz | Georges Niang | Danny Green | Andre Drummond | Tyler Johnson | Isaiah Joe | Paul Millsap | Charlie Brown Jr. | Paul Reed | Charles Bassey | Myles Powell | Willie Cauley-Stein | Braxton Key | Jaden Springer | Aaron Henry | DeAndre Jordan
99%
2018-19 Joel Embiid | Ben Simmons | Jimmy Butler | Tobias Harris | Robert Covington | J.J. Redick | Dario Šarić | Wilson Chandler | Mike Scott | Markelle Fultz | Mike Muscala | Landry Shamet | Corey Brewer | T.J. McConnell | Zhaire Smith | Greg Monroe | James Ennis | Jonathon Simmons | Jonah Bolden | Furkan Korkmaz | Boban Marjanović | Shake Milton | Amir Johnson | Haywood Highsmith | Justin Patton | Demetrius Jackson
99%
2017-18 Joel Embiid | Ben Simmons | Robert Covington | J.J. Redick | Dario Šarić | Marco Belinelli | Ersan İlyasova | Jerryd Bayless | T.J. McConnell | Markelle Fultz | Amir Johnson | Timothé Luwawu-Cabarrot | Richaun Holmes | Trevor Booker | Justin Anderson | Jahlil Okafor | James Young | Nik Stauskas | James Michael McAdoo | Furkan Korkmaz | Demetrius Jackson | Larry Drew | Jacob Pullen
99%
2020-21 Joel Embiid | Ben Simmons | Tobias Harris | Seth Curry | Danny Green | Dwight Howard | Shake Milton | Furkan Korkmaz | Mike Scott | Tyrese Maxey | Matisse Thybulle | Dakota Mathias | Isaiah Joe | Tony Bradley | Paul Reed | Vincent Poirier | Terrance Ferguson | Ignas Brazdeikis | Mason Jones | Rayjon Tucker | Gary Clark | Anthony Tolliver | George Hill
98%
2019-20 Joel Embiid | Ben Simmons | Tobias Harris | Josh Richardson | Al Horford | Furkan Korkmaz | Alec Burks | Shake Milton | Matisse Thybulle | Glenn Robinson | Mike Scott | James Ennis | Trey Burke | Raul Neto | Kyle O'Quinn | Norvel Pelle | Marial Shayok | Zhaire Smith | Jonah Bolden
98%
2016-17 Joel Embiid | Robert Covington | Dario Šarić | Nik Stauskas | Ersan İlyasova | T.J. McConnell | Alex Poythress | Jerryd Bayless | Gerald Henderson | Jahlil Okafor | Sergio Rodríguez | Justin Anderson | Richaun Holmes | Jerami Grant | Nerlens Noel | Hollis Thompson | Timothé Luwawu-Cabarrot | Shawn Long | Justin Harper | Tiago Splitter | Chasson Randle
96%
2000-01 Allen Iverson | Dikembe Mutombo | Theo Ratliff | Eric Snow | George Lynch | Aaron McKie | Tyrone Hill | Toni Kukoč | Vernon Maxwell | Matt Geiger | Roshown McLeod | Kevin Ollie | Jumaine Jones | Rodney Buford | Todd MacCulloch | Nazr Mohammed | Raja Bell | Pepe Sánchez | Anthony Miller
79%
2002-03 Allen Iverson | Eric Snow | Keith Van Horn | Kenny Thomas | Aaron McKie | Derrick Coleman | Tyrone Hill | Greg Buckner | Todd MacCulloch | Brian Skinner | Monty Williams | John Salmons | Mark Bryant | Art Long | Kenny Satterfield | Efthimios Rentzias
78%
2001-02 Allen Iverson | Dikembe Mutombo | Eric Snow | Derrick Coleman | Matt Harpring | Aaron McKie | Speedy Claxton | Corie Blount | Derrick McKey | Raja Bell | Michael Ruffin | Jabari Smith | Ira Bowman | Matt Geiger | Vonteego Cummings | Alvin Jones | Samuel Dalembert | Tim James | Damone Brown
78%
1996-97 Allen Iverson | Jerry Stackhouse | Derrick Coleman | Clarence Weatherspoon | Mark Davis | Scott Williams | Don MacLean | Rex Walters | Michael Cage | Lucious Harris | Adrian Caldwell | Joe Courtney | Mark Hendrickson | Doug Overton | Frankie King | Mark Bradtke
78%
2004-05 Allen Iverson | Andre Iguodala | Chris Webber | Kyle Korver | Kenny Thomas | Samuel Dalembert | Marc Jackson | Corliss Williamson | Willie Green | Rodney Rogers | John Salmons | Aaron McKie | Brian Skinner | Michael Bradley | Josh Davis | Kedrick Brown | Kevin Ollie
77%
2003-04 Allen Iverson | Kenny Thomas | Eric Snow | Glenn Robinson | Aaron McKie | Marc Jackson | Samuel Dalembert | Derrick Coleman | John Salmons | Willie Green | Greg Buckner | Kyle Korver | Amal McCaskill | Zendon Hamilton
77%
1999-00 Allen Iverson | Eric Snow | George Lynch | Tyrone Hill | Theo Ratliff | Toni Kukoč | Aaron McKie | Matt Geiger | Larry Hughes | Billy Owens | Stanley Roberts | Todd MacCulloch | Bruce Bowen | Kevin Ollie | Nazr Mohammed | Jumaine Jones | Antonio Lang | Ira Bowman
77%
1998-99 Allen Iverson | Eric Snow | Theo Ratliff | Matt Geiger | George Lynch | Tyrone Hill | Larry Hughes | Aaron McKie | Harvey Grant | Tim Thomas | Scott Williams | Rick Mahorn | Jerald Honeycutt | Benoit Benjamin | Nazr Mohammed | Doug Overton | Casey Shaw | Anthony Parker
77%
1997-98 Allen Iverson | Jim Jackson | Derrick Coleman | Jerry Stackhouse | Theo Ratliff | Clarence Weatherspoon | Brian Shaw | Aaron McKie | Joe Smith | Tim Thomas | Eric Snow | Eric Montross | Terry Cummings | Benoit Benjamin | Scott Williams | Mark Davis | Doug Overton | Tom Chambers | Kebu Stewart | Rex Walters | Anthony Parker | William Cunningham
77%
2005-06 Allen Iverson | Andre Iguodala | Chris Webber | Kyle Korver | Samuel Dalembert | John Salmons | Steven Hunter | Willie Green | Kevin Ollie | Matt Barnes | Lee Nailon | Shavlik Randolph | James Thomas | Michael Bradley | Lou Williams | Zendon Hamilton | Deng Gai
76%
2006-07 Allen Iverson | Andre Iguodala | Chris Webber | Andre Miller | Samuel Dalembert | Kyle Korver | Joe Smith | Willie Green | Steven Hunter | Rodney Carney | Kevin Ollie | Shavlik Randolph | Lou Williams | Alan Henderson | Lou Amundson | Bobby Jones | Ivan McFarlin | Steven Smith
74%
2009-10 Allen Iverson | Andre Iguodala | Elton Brand | Thaddeus Young | Lou Williams | Samuel Dalembert | Jrue Holiday | Willie Green | Jason Kapono | Marreese Speights | Rodney Carney | Jodie Meeks | Jason Smith | Royal Ivey | Primož Brezec | Francisco Elson
67%
1984-85 Julius Erving | Moses Malone | Charles Barkley | Maurice Cheeks | Andrew Toney | Bobby Jones | Clint Richardson | Sedale Threatt | Clemon Johnson | George Johnson | Marc Iavaroni | Sam Williams | Steve Hayes | Leon Wood
63%
1982-83 Julius Erving | Moses Malone | Maurice Cheeks | Andrew Toney | Bobby Jones | Clint Richardson | Clemon Johnson | Marc Iavaroni | Reggie Johnson | Franklin Edwards | Russ Schoene | Earl Cureton | Mark McNamara | J.J. Anderson
63%
1979-80 Julius Erving | Maurice Cheeks | Caldwell Jones | Bobby Jones | Darryl Dawkins | Lionel Hollins | Doug Collins | Henry Bibby | Steve Mix | Clint Richardson | Eric Money | Jim Spanarkel | Bernard Toone | Al Skinner
63%
1985-86 Julius Erving | Moses Malone | Charles Barkley | Maurice Cheeks | Andrew Toney | Bob McAdoo | Sedale Threatt | Bobby Jones | Paul Thompson | Terry Catledge | Leon Wood | Clemon Johnson | Perry Moss | Greg Stokes | Kenny Green | Butch Carter | Voise Winters | Michael Young
62%
1980-81 Julius Erving | Maurice Cheeks | Andrew Toney | Caldwell Jones | Bobby Jones | Darryl Dawkins | Doug Collins | Lionel Hollins | Steve Mix | Clint Richardson | Earl Cureton | Ollie Johnson | Monti Davis
62%
1978-79 Julius Erving | Maurice Cheeks | Caldwell Jones | Bobby Jones | Doug Collins | Henry Bibby | Darryl Dawkins | Eric Money | Steve Mix | Joe Bryant | Al Skinner | Ralph Simpson | Harvey Catchings | Marlon Redmond
62%
1977-78 Julius Erving | George McGinnis | Caldwell Jones | Doug Collins | Henry Bibby | World B. Free | Darryl Dawkins | Steve Mix | Joe Bryant | Harvey Catchings | Ted McClain | Mike Dunleavy | Glenn Mosley | Wilson Washington
62%
1981-82 Julius Erving | Maurice Cheeks | Andrew Toney | Caldwell Jones | Bobby Jones | Lionel Hollins | Darryl Dawkins | Mike Bantom | Steve Mix | Earl Cureton | Clint Richardson | Franklin Edwards | Ollie Johnson
61%
1976-77 Julius Erving | George McGinnis | Doug Collins | Henry Bibby | World B. Free | Steve Mix | Caldwell Jones | Fred Carter | Harvey Catchings | Jim Barnett | Darryl Dawkins | Mike Dunleavy | Joe Bryant | Terry Furlow
61%
1983-84 Moses Malone | Julius Erving | Maurice Cheeks | Andrew Toney | Bobby Jones | Clint Richardson | Clemon Johnson | Wes Matthews | Marc Iavaroni | Sam Williams | Bruce Kuczenski | Franklin Edwards | Sedale Threatt | Leo Rautins | Charles Jones
60%
1966-67 Wilt Chamberlain | Hal Greer | Billy Cunningham | Chet Walker | Larry Costello | Wali Jones | Luke Jackson | Dave Gambee | Matt Guokas | Bill Melchionni | Bob Weiss
60%
1965-66 Wilt Chamberlain | Hal Greer | Billy Cunningham | Chet Walker | Wali Jones | Luke Jackson | Al Bianchi | Dave Gambee | Gerry Ward | Ben Warley | Bob Weiss | Art Heyman | Jesse Branson
60%
1964-65 Wilt Chamberlain | Hal Greer | Chet Walker | Larry Costello | Luke Jackson | Paul Neumann | Dave Gambee | Red Kerr | Connie Dierking | Al Bianchi | Larry Jones | Ben Warley | Steve Courtin | Jerry Greenspan
60%
1986-87 Julius Erving | Charles Barkley | Maurice Cheeks | Andrew Toney | World B. Free | Tim McCormick | Roy Hinson | Cliff Robinson | Sedale Threatt | Jeff Ruland | David Wingate | Steve Colter | Jim Lampley | Danny Vranes | Mark McNamara | Kenny Green
59%
1967-68 Wilt Chamberlain | Hal Greer | Billy Cunningham | Chet Walker | Larry Costello | Wali Jones | Luke Jackson | Matt Guokas | Bill Melchionni | Johnny Green | Jim Reid | Ron Filipek
56%
2008-09 Andre Iguodala | Elton Brand | Thaddeus Young | Andre Miller | Samuel Dalembert | Lou Williams | Willie Green | Marreese Speights | Reggie Evans | Theo Ratliff | Royal Ivey | Kareem Rush | Donyell Marshall
55%
2010-11 Andre Iguodala | Elton Brand | Jrue Holiday | Thaddeus Young | Jodie Meeks | Lou Williams | Evan Turner | Spencer Hawes | Andrés Nocioni | Marreese Speights | Craig Brackins | Tony Battie | Antonio Daniels | Darius Songaila | Jason Kapono
54%
2007-08 Andre Iguodala | Thaddeus Young | Andre Miller | Samuel Dalembert | Willie Green | Kyle Korver | Lou Williams | Reggie Evans | Rodney Carney | Jason Smith | Gordan Giriček | Kevin Ollie | Calvin Booth | Lou Amundson | Shavlik Randolph
54%
2014-15 Michael Carter-Williams | Nerlens Noel | Tony Wroten | Luc Mbah a Moute | Tim Frazier | Robert Covington | Ish Smith | Isaiah Canaan | K.J. McDaniels | Hollis Thompson | Jason Richardson | Jerami Grant | Chris Johnson | Henry Sims | Brandon Davies | Thomas Robinson | Larry Drew | Alexey Shved | Glenn Robinson | JaKarr Sampson | Furkan Aldemir | Malcolm Thomas | JaVale McGee | Drew Gordon | Malcolm Lee
53%
2011-12 Andre Iguodala | Elton Brand | Jrue Holiday | Thaddeus Young | Evan Turner | Lou Williams | Spencer Hawes | Jodie Meeks | Xavier Silas | Nikola Vučević | Lavoy Allen | Tony Battie | Sam Young | Craig Brackins | Andrés Nocioni | Francisco Elson
53%
2015-16 Robert Covington | Ish Smith | Jahlil Okafor | Nerlens Noel | Hollis Thompson | Jerami Grant | Isaiah Canaan | Nik Stauskas | T.J. McConnell | Tony Wroten | Carl Landry | JaKarr Sampson | Richaun Holmes | Kendall Marshall | Elton Brand | Phil Pressey | Sonny Weems | Christian Wood
51%
1988-89 Charles Barkley | Maurice Cheeks | Hersey Hawkins | Mike Gminski | Ron Anderson | Cliff Robinson | Derek Smith | Scott Brooks | Gerald Henderson | Shelton Jones | Ben Coleman | Chris Welp | David Wingate | Pete Myers | Bob Thornton | Jim Rowinski
51%
1989-90 Charles Barkley | Hersey Hawkins | Johnny Dawkins | Mike Gminski | Rick Mahorn | Ron Anderson | Derek Smith | Jay Vincent | Scott Brooks | Bob Thornton | Corey Gaines | Kurt Nimphius | Kenny Payne | Dexter Shouse | Lewis Lloyd | Lanard Copeland
49%
1987-88 Charles Barkley | Maurice Cheeks | Andrew Toney | Mike Gminski | Cliff Robinson | Roy Hinson | Tim McCormick | David Wingate | Albert King | Gerald Henderson | Ben Coleman | Vincent Askew | Dave Henderson | Mark McNamara | Danny Vranes | Chris Welp | Steve Colter | Bob Thornton
49%
2013-14 Thaddeus Young | Evan Turner | Michael Carter-Williams | Spencer Hawes | James Anderson | Henry Sims | Tony Wroten | Hollis Thompson | Lavoy Allen | Elliot Williams | Darius Morris | Arnett Moultrie | Jarvis Varnado | Eric Maynor | Byron Mullens | Dewayne Dedmon | Casper Ware | James Nunnally | Daniel Orton | Brandon Davies | Lorenzo Brown | Adonis Thomas | Darius Johnson-Odom
47%
1990-91 Charles Barkley | Hersey Hawkins | Armen Gilliam | Johnny Dawkins | Rick Mahorn | Ron Anderson | Rickey Green | Mike Gminski | Andre Turner | Manute Bol | Robert Reid | Brian Oliver | Jayson Williams | Kenny Payne | Tony Harris | Mario Elie | Jim Farmer | Dave Hoppen
47%
1991-92 Charles Barkley | Hersey Hawkins | Johnny Dawkins | Armen Gilliam | Ron Anderson | Charles Shackleford | Manute Bol | Jeff Ruland | Greg Grant | Jayson Williams | Mitchell Wiggins | Tharon Mayes | Brian Oliver | Kenny Payne | Michael Ansley | Dave Hoppen
46%
1963-64 Dolph Schayes | Hal Greer | Chet Walker | Larry Costello | Red Kerr | Paul Neumann | Lee Shaffer | Dave Gambee | Ben Warley | Al Bianchi | Connie Dierking | Len Chappell | Jerry Greenspan | Hubie White
43%
1960-61 Dolph Schayes | Hal Greer | Larry Costello | Red Kerr | Dick Barnett | Dave Gambee | Barney Cable | Swede Halbrook | Cal Ramsey | Al Bianchi | Joe Roberts | Ernie Beck
43%
1959-60 Dolph Schayes | Hal Greer | George Yardley | Larry Costello | Paul Seymour | Red Kerr | Dick Barnett | Bob Hopkins | Al Bianchi | Connie Dierking | Barney Cable | Frank Selvy | Togo Palazzi | Jim Ray
43%
1958-59 Dolph Schayes | Hal Greer | George Yardley | Larry Costello | Paul Seymour | Red Kerr | Ed Conlin | Al Bianchi | Bob Hopkins | Togo Palazzi | George Dempsey | Connie Dierking | Tommy Kearns
43%
1962-63 Dolph Schayes | Hal Greer | Chet Walker | Larry Costello | Red Kerr | Lee Shaffer | Dave Gambee | Paul Neumann | Al Bianchi | Len Chappell | Joe Roberts | Porter Meriwether | Ben Warley
42%
1961-62 Dolph Schayes | Hal Greer | Larry Costello | Red Kerr | Dave Gambee | Lee Shaffer | Al Bianchi | Joe Roberts | Paul Neumann | Swede Halbrook | Joe Graboski | Chuck Osborne
42%
2012-13 Jrue Holiday | Thaddeus Young | Evan Turner | Jason Richardson | Spencer Hawes | Nick Young | Dorell Wright | Lavoy Allen | Damien Wilkins | Justin Holiday | Jeremy Pargo | Royal Ivey | Charles Jenkins | Kwame Brown | Arnett Moultrie | Maalik Wayns | Shelvin Mack
40%
1969-70 Hal Greer | Billy Cunningham | Archie Clark | Wali Jones | Darrall Imhoff | Jim Washington | Matt Guokas | Luke Jackson | George Wilson | Fred Hetzel | Bud Ogden | Dave Scholz
39%
1968-69 Hal Greer | Billy Cunningham | Chet Walker | Archie Clark | Darrall Imhoff | Wali Jones | Luke Jackson | George Wilson | Matt Guokas | Johnny Green | Shaler Halimon | Craig Raymond
39%
1971-72 Billy Cunningham | Hal Greer | Archie Clark | Kevin Loughery | Fred Carter | Bill Bridges | Bob Rule | Jim Washington | Fred Foster | Dave Wohl | Luke Jackson | Dennis Awtrey | Al Henry | Jake Jones | Barry Yates
38%
1970-71 Hal Greer | Billy Cunningham | Archie Clark | Bailey Howell | Jim Washington | Wali Jones | Luke Jackson | Dennis Awtrey | Connie Dierking | Fred Foster | Freddie Crawford | Cliff Anderson | Matt Guokas | Bud Ogden | Al Henry
38%
1995-96 Clarence Weatherspoon | Jerry Stackhouse | Vernon Maxwell | Shawn Bradley | Tony Massenburg | Derrick Coleman | Greg Grant | Trevor Ruffin | Ed Pinckney | Sharone Wright | Scott Skiles | Derrick Alston | Sean Higgins | Richard Dumas | Mike Brown | LaSalle Thompson | Jeff Malone | Greg Graham | Rex Walters | Greg Sutton | Scott Williams | Trevor Wilson | Tim Perry | Elmer Bennett
37%
1974-75 Billy Cunningham | Fred Carter | Steve Mix | Doug Collins | Clyde Lee | Tom Van Arsdale | Leroy Ellis | Freddie Boyd | John Tschogl | Allan Bristow | Harvey Catchings | Perry Warbington | Ken Durrett | Don Smith | Walt Wesley | Connie Norman
36%
1993-94 Clarence Weatherspoon | Jeff Hornacek | Jeff Malone | Dana Barros | Tim Perry | Shawn Bradley | Orlando Woolridge | Johnny Dawkins | Eric Leckner | Bill Edwards | Isaac Austin | Warren Kidd | Greg Graham | Manute Bol | Moses Malone | Sean Green | Michael Curry
35%
1975-76 Billy Cunningham | George McGinnis | Doug Collins | Steve Mix | Fred Carter | Harvey Catchings | Clyde Lee | Leroy Ellis | Joe Bryant | World B. Free | Connie Norman | Wali Jones | Freddie Boyd | Jerry Baskerville | Darryl Dawkins
35%
1994-95 Clarence Weatherspoon | Dana Barros | Jeff Malone | Willie Burton | Shawn Bradley | Sharone Wright | Corey Gaines | Jeff Grayer | Scott Williams | Alphonso Ford | Derrick Alston | Jerome Harmon | Greg Graham | B.J. Tyler | Lloyd Daniels | Jaren Jackson | Tim Perry | Alaa Abdelnaby | Kevin Pritchard
34%
1972-73 Fred Carter | Bill Bridges | Leroy Ellis | Tom Van Arsdale | John Block | Manny Leaks | Kevin Loughery | Freddie Boyd | Don May | Hal Greer | John Trapp | Jeff Halliburton | Dale Schlueter | Mike Price | Dave Sorenson | Dennis Awtrey | Mel Counts | Luther Green | Bob Rule
34%
1957-58 Dolph Schayes | Larry Costello | Paul Seymour | Red Kerr | Ed Conlin | Bob Harrison | Al Bianchi | Bob Hopkins | Earl Lloyd | Togo Palazzi | Joe Holup
34%
1956-57 Dolph Schayes | Paul Seymour | Red Kerr | Earl Lloyd | Al Bianchi | Ed Conlin | Togo Palazzi | Joe Holup | Bob Schafer | Jim Tucker | Bob Hopkins | Don Savage | Jim Ray | Forest Able | Larry Hennessy
34%
1955-56 Dolph Schayes | Paul Seymour | Red Kerr | George King | Red Rocha | Earl Lloyd | Ed Conlin | Dick Farley | Billy Kenville | Jim Tucker
34%
1954-55 Dolph Schayes | Paul Seymour | Red Kerr | Red Rocha | Earl Lloyd | George King | Billy Kenville | Dick Farley | Bill Gabor | Wally Osterkorn | Jim Tucker
34%
1953-54 Dolph Schayes | Paul Seymour | George King | Wally Osterkorn | Earl Lloyd | Bill Gabor | Billy Kenville | Bob Lavoy | Jim Neal | Bato Govedarica | Dick Knostman | Al Masino | Ed Earle | Mike Novak
34%
1952-53 Dolph Schayes | Paul Seymour | Red Rocha | Al Cervi | George King | Earl Lloyd | Wally Osterkorn | Bill Gabor | Noble Jorgensen | Bill Calhoun | Bob Lochmueller | Jim Brasco
34%
1951-52 Dolph Schayes | Paul Seymour | Red Rocha | Al Cervi | George King | Wally Osterkorn | George Ratkovicz | Noble Jorgensen | Bill Gabor | Gerry Calabrese | Don Savage
34%
1950-51 Dolph Schayes | Paul Seymour | Fred Scolari | Al Cervi | Gerry Calabrese | Leroy Chollet | Bill Gabor | Alex Hannum | Noble Jorgensen | Don Lofgran | Johnny Macknowski | Ed Peterson | George Ratkovicz | Belus Smawley
34%
1949-50 Dolph Schayes | Paul Seymour | Al Cervi | Leroy Chollet | Ray Corley | Bill Gabor | Alex Hannum | Andrew Levane | Johnny Macknowski | Ed Peterson | George Ratkovicz
34%
1973-74 Fred Carter | Tom Van Arsdale | Steve Mix | Leroy Ellis | Larry Jones | Freddie Boyd | Toby Kimball | Larry Cannon | Doug Collins | Don May | Allan Bristow | Rod Freeman | Luther Rackley
24%
1992-93 Hersey Hawkins | Jeff Hornacek | Clarence Weatherspoon | Thomas Jordan | Tim Perry | Andrew Lang | Armen Gilliam | Johnny Dawkins | Ron Anderson | Manute Bol | Greg Grant | Kenny Payne | Charles Shackleford | Eddie Lee Wilkins
22%
No matching quizzes found
Score Distribution
Percent of People with Each Score
Percentile by Number Answered
Your Score History
You have not taken this quiz since the last reset